=LDR 00000nam 2200000 4500 =001 INLIS000000000055792 =005 20200917072244 =035 ##$$a 0010-0720000096 =007 ta =008 200917################g##########0#ind## =082 ##$$a 2x7 =084 ##$$a 2x7 QUD p =100 1#$$a Qudah, Shekh Salman =245 1#$$a Perangkap-perangkap dalam mencari ilmu /$c Sheikh Salman bin Fahd Al-Qudah; Penerjemah, Asep Sopiandi Lukman =250 ##$$a cet.1 =260 ##$$a Bandung :$b Mujahid,$c 2004 =300 ##$$a 84 hlm., ; $c 12 x 21 cm =600 #4$$a Pendidikan Islam =990 ##$$a 20402626 =990 ##$$a 20402625